000 00294nam a22001097a 4500
008 160510b xxu||||| |||| 00| 0 eng d
020 _a0721622399
041 _aeng
080 _a616.31
245 _aA textbook of preventive dentistry:
_cRobert C. Caldwell; Richard E. Stallard;
942 _2udc
_cBK
999 _c1932
_d1932